000 00437nam a2200181Ia 4500
001 13081
005 20260306163027.0
008 260306t2005||||xx |||||||||||||| ||spa||
041 _aESP
082 _aRD 920.003
_bD49 2005
100 _aGispert, Carlos (dir.)
_eAUT
245 0 _aDiccionario de biografìas
260 _c2005
300 _a1072 páginas :
_c26 cm.
650 _aGEN
654 _aCHU
942 _cDIC
_dJUS
_fJUS
_2ddc
_n
999 _c13081
_d13081